[Event "16. Bayer Open"]
[Site "Leverkusen"]
[Date "2018.02.05"]
[Round "4.39"]
[White "Gülden, Ralf"]
[Black "Hasanovic, Huzeir"]
[Result "1/2-1/2"]
[WhiteElo "1722"]
[BlackElo "1496"]
[PlyCount "111"]
[EventDate "2018.??.??"]
[WhiteTeam "Königsspringer Leverkusen"]
[BlackTeam "SV Opladen"]

1. d4 Nf6 2. c4 g6 3. Nf3 d5 4. cxd5 Nxd5 5. Nc3 Nxc3 6. bxc3 Bg7 7. e4 O-O 8.
Be3 Bg4 9. Be2 c5 10. O-O Nc6 11. d5 Na5 12. Rc1 b6 13. c4 Qc7 14. Nd2 Bd7 15.
f4 e6 16. e5 Qd8 17. Ne4 Nb7 18. Bf3 Rb8 19. dxe6 Bxe6 20. Nd6 Nxd6 21. Qxd6
Qxd6 22. exd6 Bd7 23. Bf2 Bb2 24. Rc2 Ba3 25. g4 Ba4 26. Rc3 Bb4 27. Rd3 Bc2
28. Rd5 Ba4 29. Bh4 Bd7 30. Be1 Be6 31. Bxb4 Bxd5 32. Bxd5 cxb4 33. Re1 Rfe8
34. Rxe8+ Rxe8 35. d7 Rd8 36. Bc6 Kf8 37. Kf2 Ke7 38. Ke3 Kd6 39. Bb5 Rxd7 40.
Bxd7 Kxd7 41. Kd4 Kd6 42. h4 a5 43. f5 a4 44. h5 b3 45. axb3 axb3 46. Kc3 b2
47. Kxb2 Kc5 48. Kc3 g5 49. Kd3 f6 50. Kc3 h6 51. Kd3 b5 52. cxb5 Kxb5 53. Kd4
Kc6 54. Kc4 Kd6 55. Kd4 Kc6 56. Kc4 1/2-1/2

[Event "16. Bayer Open"]
[Site "Leverkusen"]
[Date "2018.02.05"]
[Round "4.40"]
[White "Teuber, Alfons"]
[Black "Stuch, Hans-Ferdinand"]
[Result "0-1"]
[WhiteElo "1228"]
[BlackElo "1693"]
[PlyCount "94"]
[EventDate "2018.??.??"]
[WhiteTeam "BSW Opladen"]
[BlackTeam "Godesberger SK"]

1. e4 e5 2. Nf3 Nf6 3. Nc3 Nc6 4. d3 d5 5. a3 dxe4 6. Nxe4 Nxe4 7. Be2 Nf6 8.
O-O Be7 9. Bg5 O-O 10. c3 Nd5 11. Bxe7 Qxe7 12. Nd2 Nf4 13. Nf3 Bg4 14. h3 Bh5
15. Re1 Nxe2+ 16. Qxe2 Bxf3 17. Qxf3 Qd6 18. b4 a6 19. Rad1 Rad8 20. c4 Qf6 21.
Qg3 Rfe8 22. Re4 Rd4 23. Rg4 Rxg4 24. Qxg4 Qe6 25. Qe4 f5 26. Qd5 Qxd5 27. cxd5
Ne7 28. d6 cxd6 29. Rc1 Rc8 30. Rc4 d5 31. Rc5 b6 32. Rxc8+ Nxc8 33. a4 Nd6 34.
Kf1 Kf7 35. Ke2 g5 36. f3 f4 37. Kf2 Nf5 38. Ke1 Ke6 39. Kf2 Kd6 40. Ke1 a5 41.
bxa5 bxa5 42. Kd2 Kc5 43. Kc3 Ne3 44. d4+ exd4+ 45. Kd3 Nxg2 46. Ke2 Kc4 47.
Kf2 Nh4 0-1

[Event "16. Bayer Open"]
[Site "Leverkusen"]
[Date "2018.02.05"]
[Round "4.42"]
[White "Breuer, Achim"]
[Black "Milz, Ulrich"]
[Result "0-1"]
[WhiteElo "1584"]
[BlackElo "1686"]
[PlyCount "44"]
[EventDate "2018.??.??"]
[WhiteTeam "SV Dormagen"]
[BlackTeam "SC Bayer Leverkusen"]

1. d4 e6 2. c4 b6 3. Nc3 Bb7 4. e4 Bb4 5. d5 Nf6 6. Bg5 h6 7. Bd2 O-O 8. e5
Bxc3 9. Bxc3 Ne4 10. Bd4 c5 11. Be3 d6 12. Bxh6 Nxf2 13. Qh5 Nxh1 14. Bxg7 Kxg7
15. Bd3 Rh8 16. Qg4+ Kf8 17. Ke2 Nd7 18. Rf1 Nxe5 19. Qxe6 Qe7 20. Qf5 Nxc4+
21. Be4 Rxh2 22. Nh3 Ng3+ 0-1

[Event "16. Bayer Open"]
[Site "Leverkusen"]
[Date "2018.02.05"]
[Round "4.43"]
[White "Garcia Unterbusch, Juan"]
[Black "Jacobi, Bernd"]
[Result "1/2-1/2"]
[WhiteElo "1456"]
[BlackElo "1653"]
[PlyCount "64"]
[EventDate "2018.??.??"]
[WhiteTeam "Pulheimer SC"]
[BlackTeam "Langenfelder SF"]

1. e4 e6 2. d4 d5 3. exd5 exd5 4. Bd3 Nf6 5. h3 Be6 6. Nf3 h6 7. Bf4 Bd6 8.
Bxd6 Qxd6 9. O-O Nbd7 10. Nc3 c6 11. Re1 O-O 12. Ne5 a6 13. Qd2 c5 14. Nxd7
Nxd7 15. dxc5 Nxc5 16. Be4 Nxe4 17. Nxe4 Qb6 18. Nc3 Rad8 19. Na4 Qc6 20. Nc3
Rd6 21. Qd4 b5 22. a3 Qc4 23. Rad1 Qxd4 24. Rxd4 Rc8 25. Red1 f5 26. Nxd5 Bxd5
27. Rxd5 Rxd5 28. Rxd5 Rxc2 29. Rxf5 Rxb2 30. Rf3 b4 31. axb4 Rxb4 32. Ra3 Rb6
1/2-1/2

[Event "16. Bayer Open"]
[Site "Leverkusen"]
[Date "2018.02.05"]
[Round "4.44"]
[White "Hoferichter, Michael"]
[Black "Nölle, Lisa"]
[Result "1-0"]
[WhiteElo "1569"]
[BlackElo "916"]
[PlyCount "90"]
[EventDate "2018.??.??"]
[WhiteTeam "Klub Kölner SF"]
[BlackTeam "SF Schlebusch"]

1. d4 d5 2. c4 e6 3. Nc3 Nf6 4. Nf3 c5 5. Bg5 Be7 6. e3 O-O 7. Bxf6 Bxf6 8. Bd3
Nc6 9. O-O cxd4 10. exd4 Nxd4 11. cxd5 Nxf3+ 12. Qxf3 g6 13. dxe6 fxe6 14. Qe2
Bxc3 15. bxc3 Qf6 16. Rac1 Kg7 17. Rfe1 e5 18. Rc2 Bf5 19. Bxf5 Qxf5 20. Qxe5+
Qxe5 21. Rxe5 Rf7 22. Rce2 Kf8 23. c4 Rd8 24. f3 Rfd7 25. Kf2 Kf7 26. R5e4 a6
27. Kg3 b5 28. cxb5 axb5 29. a4 bxa4 30. Rxa4 Rd4 31. Ra7+ R8d7 32. Rxd7+ Rxd7
33. h4 Kf6 34. Kf2 Rd5 35. g4 h6 36. f4 g5 37. hxg5+ hxg5 38. f5 Re5 39. Rxe5
Kxe5 40. Kf3 Kf6 41. Ke4 Ke7 42. Ke5 Kf7 43. f6 Kg6 44. Ke6 Kh6 45. f7 Kg7 1-0

[Event "16. Bayer Open"]
[Site "Leverkusen"]
[Date "2018.02.05"]
[Round "4.45"]
[White "Roder, Stephan"]
[Black "Longerich, Hans-Peter"]
[Result "0-1"]
[WhiteElo "1399"]
[BlackElo "1551"]
[PlyCount "48"]
[EventDate "2018.??.??"]
[WhiteTeam "Bergische SF"]
[BlackTeam "SC Bayer Leverkusen"]

1. e4 c6 2. c4 d5 3. cxd5 cxd5 4. exd5 e6 5. Bb5+ Bd7 6. Bxd7+ Qxd7 7. dxe6
Qxe6+ 8. Ne2 Nc6 9. O-O O-O-O 10. a3 Bd6 11. Nbc3 Nf6 12. b4 Rhe8 13. Qc2 Qe5
14. f4 Qh5 15. Ng3 Qh6 16. Nce2 Bc7 17. Nf5 Qg6 18. d4 Ne4 19. Nh4 Qf6 20. Nf3
Bb6 21. b5 Rxd4 22. Kh1 Rd6 23. Bb2 Qf5 24. Bd4 Nf2+ 0-1

[Event "16. Bayer Open"]
[Site "Leverkusen"]
[Date "2018.02.05"]
[Round "4.46"]
[White "Hegmann, Werner"]
[Black "Azimi, Reza"]
[Result "1-0"]
[WhiteElo "1743"]
[BlackElo "1546"]
[PlyCount "95"]
[EventDate "2018.??.??"]
[WhiteTeam "SV Opladen"]
[BlackTeam "Schachuzipus Köln-Mülheim"]

1. e4 c5 2. c4 Nc6 3. Nc3 a6 4. a4 e6 5. g3 g6 6. Bg2 Bg7 7. Nge2 Nf6 8. d3 O-O
9. O-O d6 10. Rb1 Bd7 11. h3 Qc8 12. g4 h5 13. f3 e5 14. b3 Nd4 15. Bd2 Kh7 16.
Ng3 Rh8 17. Nd5 Nxd5 18. exd5 Kg8 19. Ne4 Qf8 20. b4 b6 21. bxc5 dxc5 22. Rxb6
a5 23. Bg5 Rb8 24. Nxc5 Qxc5 25. Rxb8+ Bf8 26. Be3 Kh7 27. Rb7 Qc8 28. Qb1 Bb4
29. Rxb4 axb4 30. Bxd4 exd4 31. Qxb4 Qa8 32. Qc5 Qxa4 33. Qxd4 Qc2 34. c5 Re8
35. c6 Bc8 36. Rf2 Re1+ 37. Kh2 Qc1 38. Qf6 Ba6 39. g5 Kg8 40. Ra2 Qe3 41. h4
Qg1+ 42. Kh3 Bc8+ 43. Kg3 Qe3 44. d6 Qe6 45. Qxe6 Bxe6 46. Ra8+ Kh7 47. d7 Bxd7
48. cxd7 1-0

[Event "16. Bayer Open"]
[Site "Leverkusen"]
[Date "2018.02.05"]
[Round "4.47"]
[White "Skiber, Friedel"]
[Black "Büttgenbach, Uwe Eugen"]
[Result "1-0"]
[WhiteElo "1695"]
[BlackElo "1505"]
[PlyCount "79"]
[EventDate "2018.??.??"]
[WhiteTeam "SG Solingen"]
[BlackTeam "Ronsdorfer SV"]

1. e4 c5 2. Nc3 a6 3. a3 Nc6 4. Bc4 e6 5. d3 Be7 6. f4 b5 7. Ba2 d6 8. Nf3 Bf6
9. Ne2 Nge7 10. O-O Ng6 11. Qe1 Bd7 12. f5 Nge5 13. Qg3 h6 14. Nf4 Nxf3+ 15.
Qxf3 Nd4 16. Qd1 exf5 17. c3 Ne6 18. exf5 Nc7 19. Re1+ Kf8 20. Qg4 Be8 21. Bd2
Be5 22. Qf3 Ra7 23. Re3 Bd7 24. Qh5 Qf6 25. Rf1 Bxf4 26. Rxf4 Bc6 27. Rf1 Nd5
28. Re2 Re7 29. Ref2 Ke8 30. Re1 Rxe1+ 31. Bxe1 Kd7 32. c4 Re8 33. Ba5 Ne3 34.
cxb5 axb5 35. Bxf7 Rf8 36. Be6+ Ke7 37. Qe2 Qg5 38. g3 Ng4 39. Bd5+ Kf6 40.
Qe6# 1-0

[Event "16. Bayer Open"]
[Site "Leverkusen"]
[Date "2018.02.05"]
[Round "4.49"]
[White "Haag, Helmut"]
[Black "Yon, Gregory"]
[Result "0-1"]
[WhiteElo "1609"]
[BlackElo "1621"]
[PlyCount "94"]
[EventDate "2018.??.??"]
[WhiteTeam "Langenfelder SF"]
[BlackTeam "Bergische SF"]

1. d4 d5 2. c4 e6 3. Nf3 Nf6 4. Bg5 Be7 5. e3 Nbd7 6. Bd3 dxc4 7. Bxc4 O-O 8.
O-O c6 9. Nbd2 b5 10. Bd3 Bb7 11. Qc2 h6 12. Bf4 Nd5 13. Bg3 Nb4 14. Qb3 Nxd3
15. Qxd3 a6 16. a3 Qb6 17. Rac1 Rad8 18. Rc2 c5 19. dxc5 Nxc5 20. Qe2 Rc8 21.
Rfc1 Rfd8 22. Ne5 b4 23. Nec4 Qb5 24. axb4 Qxb4 25. Be5 Nd3 26. Bc3 Qb5 27. Na3
Qg5 28. Nf3 Bxf3 29. Qxf3 Nxc1 30. Rxc1 Qg6 31. Qb7 Bxa3 32. Qxa6 Ra8 33. Qc6
Bf8 34. Qc4 Qd3 35. Qxd3 Rxd3 36. g3 Rad8 37. Kf1 Rd1+ 38. Rxd1 Rxd1+ 39. Ke2
Rd5 40. b4 g6 41. Bd4 Bg7 42. Kd3 Bxd4 43. exd4 Kf8 44. h4 Ke8 45. f4 Kd7 46.
Kc4 Kc6 47. Kb3 Kb5 0-1

[Event "16. Bayer Open"]
[Site "Leverkusen"]
[Date "2018.02.26"]
[Round "5.1"]
[White "Peschel, Andreas"]
[Black "Mohaupt, Sascha"]
[Result "1/2-1/2"]
[WhiteElo "2195"]
[BlackElo "2200"]
[PlyCount "68"]
[EventDate "2018.??.??"]
[WhiteTeam "SG Solingen"]
[BlackTeam "SV Wermelskirchen"]

1. d4 d6 2. g3 e5 3. Bg2 exd4 4. Qxd4 Nc6 5. Qd2 Nf6 6. Nc3 g6 7. Nf3 Bg7 8.
Qe3+ Ne7 9. O-O O-O 10. Rd1 c6 11. Qd3 d5 12. e4 Qb6 13. Bg5 dxe4 14. Nxe4 Nxe4
15. Qxe4 Nd5 16. c4 Nf6 17. Qd4 Ng4 18. Qxb6 axb6 19. Rd2 Be6 20. Rc2 Bf5 21.
Rd2 h6 22. Bf4 Be6 23. h3 Nf6 24. Ne5 Nh5 25. Nd7 Rfd8 26. Rad1 Nxf4 27. gxf4
Bxd7 28. Rxd7 Rxd7 29. Rxd7 Rxa2 30. Rxb7 Rxb2 31. Bxc6 Bd4 32. Bd5 Rxf2 33.
Bxf7+ Kf8 34. Bxg6 Rxf4+ 1/2-1/2

[Event "16. Bayer Open"]
[Site "Leverkusen"]
[Date "2018.02.26"]
[Round "5.2"]
[White "Balduan, Markus"]
[Black "Stillger, Bernhard"]
[Result "1/2-1/2"]
[WhiteElo "2309"]
[BlackElo "2338"]
[PlyCount "26"]
[EventDate "2018.??.??"]
[WhiteTeam "TV Witzhelden"]
[BlackTeam "Oberhausener SV"]

1. c4 Nf6 2. Nc3 e6 3. Nf3 d5 4. d4 c5 5. cxd5 cxd4 6. Qxd4 exd5 7. Bg5 Be7 8.
e3 O-O 9. Qd2 Nc6 10. Bb5 Be6 11. Bh4 Qb6 12. Nd4 Nxd4 13. Qxd4 Qxd4 1/2-1/2

[Event "16. Bayer Open"]
[Site "Leverkusen"]
[Date "2018.02.26"]
[Round "5.3"]
[White "Bausch, Thomas"]
[Black "Marcziter, Dmitrii"]
[Result "1/2-1/2"]
[WhiteElo "2113"]
[BlackElo "2279"]
[PlyCount "140"]
[EventDate "2018.??.??"]
[WhiteTeam "Pulheimer SC"]
[BlackTeam "DJK Aufwärts Aachen"]

1. e4 c5 2. c3 d5 3. exd5 Qxd5 4. d4 Nf6 5. Nf3 Bg4 6. dxc5 Qxc5 7. h3 Bd7 8.
Be3 Qc8 9. Ne5 Nc6 10. Nxd7 Nxd7 11. g3 e6 12. Bg2 Be7 13. Nd2 O-O 14. O-O Qc7
15. Qe2 Nf6 16. Nb3 e5 17. Rfd1 Rab8 18. Qc4 h6 19. Bxa7 Ra8 20. Be3 Rfc8 21.
Qb5 Ra6 22. Qe2 Na5 23. Nxa5 Rxa5 24. Qc2 Bc5 25. Bxc5 Rxc5 26. Qd3 b5 27. a4
bxa4 28. Rxa4 Qb6 29. Rb4 Qe6 30. Qd6 Qf5 31. Rb8 Rxb8 32. Qxb8+ Rc8 33. Qd6 e4
34. Qd4 h5 35. Re1 Re8 36. b4 h4 37. g4 Qf4 38. Qe3 Qc7 39. Rd1 Rc8 40. g5 Nh5
41. Bxe4 g6 42. Bf3 Qxc3 43. Qxc3 Rxc3 44. Bxh5 gxh5 45. Kg2 Rb3 46. Rd4 Kg7
47. Rxh4 Kg6 48. Rc4 Kxg5 49. h4+ Kf5 50. f3 Rb1 51. Kf2 f6 52. Ke3 Rb3+ 53.
Kd4 Rxf3 54. Kc5 Ke5 55. b5 Rb3 56. b6 f5 57. Kc6 f4 58. Rc5+ Ke4 59. Rxh5 f3
60. Ra5 f2 61. Ra1 Rc3+ 62. Kd6 Rb3 63. Kc7 Rc3+ 64. Kb8 Rh3 65. b7 Rxh4 66.
Ka8 Rh8+ 67. b8=Q Rxb8+ 68. Kxb8 Ke3 69. Rf1 Ke2 70. Rxf2+ Kxf2 1/2-1/2

[Event "16. Bayer Open"]
[Site "Leverkusen"]
[Date "2018.02.26"]
[Round "5.4"]
[White "Lamprecht, Mark"]
[Black "Moors, Christoph"]
[Result "1-0"]
[WhiteElo "2210"]
[BlackElo "2068"]
[PlyCount "47"]
[EventDate "2018.??.??"]
[WhiteTeam "SC Bonn Beuel"]
[BlackTeam "SC Erkrath"]

1. c4 e5 2. Nc3 Nf6 3. g3 Nc6 4. Bg2 Bc5 5. e3 O-O 6. Nge2 d6 7. O-O a6 8. h3
Ba7 9. Kh2 Bf5 10. e4 Be6 11. d3 Nd7 12. f4 f5 13. exf5 Bxf5 14. g4 Be6 15. f5
Bf7 16. Ng3 Rb8 17. Nge4 Nc5 18. Bg5 Qd7 19. f6 Nxe4 20. Nxe4 g6 21. Qd2 d5 22.
cxd5 Bxd5 23. f7+ Rxf7 24. Rxf7 1-0

[Event "16. Bayer Open"]
[Site "Leverkusen"]
[Date "2018.02.26"]
[Round "5.5"]
[White "Henseler, Klaus"]
[Black "Pejkovic, Patrick Slavko"]
[Result "0-1"]
[WhiteElo "1948"]
[BlackElo "2133"]
[PlyCount "102"]
[EventDate "2018.??.??"]
[WhiteTeam "SC Bayer Leverkusen"]
[BlackTeam "Langenfelder SF"]

1. c4 e5 2. Nc3 Nc6 3. g3 f5 4. Bg2 Nf6 5. d3 Bc5 6. e3 O-O 7. Nge2 d6 8. O-O
Qe8 9. a3 a5 10. Rb1 f4 11. gxf4 Qh5 12. Ng3 Qh4 13. Nd5 Ng4 14. h3 Nxf2 15.
Rxf2 Qxg3 16. Rf3 Qh4 17. Qf1 Bf5 18. Kh2 e4 19. Rg3 exd3 20. Bd2 Rf7 21. b4
axb4 22. axb4 Ra2 23. Qe1 Ba7 24. b5 Rxd2 25. Qxd2 Nd8 26. Ra1 Bc5 27. e4 Be6
28. f5 Bxd5 29. cxd5 Bd4 30. Ra8 Be5 31. Qxd3 Rf8 32. Qf3 Nf7 33. Rxf8+ Kxf8
34. Qg4 Qxg4 35. hxg4 Ng5 36. Bh1 Ke7 37. Kg2 Bxg3 38. Kxg3 Kf6 39. Kf2 Ke5 40.
Ke3 h6 41. Bg2 Nh7 42. Bh1 Nf6 43. Bf3 Nd7 44. Be2 Nc5 45. Bf3 Na4 46. Be2 Nc3
47. Bd3 b6 48. Kf3 Kd4 49. Bc2 Nxb5 50. Kf4 Na3 51. Bd1 Nc4 0-1

[Event "16. Bayer Open"]
[Site "Leverkusen"]
[Date "2018.02.26"]
[Round "5.6"]
[White "Boschek, Hans-Joachim"]
[Black "Lindam, Ingo"]
[Result "1/2-1/2"]
[WhiteElo "1942"]
[BlackElo "2112"]
[PlyCount "116"]
[EventDate "2018.??.??"]
[WhiteTeam "SG Solingen"]
[BlackTeam "Kölner SK Dr. Lasker"]

1. e4 c5 2. Nf3 e6 3. d4 cxd4 4. Nxd4 Nc6 5. Nc3 Qc7 6. g3 a6 7. Bg2 Nf6 8. O-O
Nxd4 9. Qxd4 Bc5 10. Bf4 d6 11. Qd3 Nd7 12. Na4 e5 13. Bd2 Bd4 14. c3 Ba7 15.
c4 Bd4 16. Bc3 b5 17. Bxd4 exd4 18. Qxd4 O-O 19. cxb5 axb5 20. Nc3 Ba6 21. Rfd1
Ne5 22. Nd5 Qc5 23. Ne7+ Kh8 24. Qxd6 Qxd6 25. Rxd6 Nc4 26. Rd7 Nxb2 27. Nd5
Bc8 28. Rc7 Be6 29. Rc2 Bxd5 30. exd5 Nc4 31. d6 Rad8 32. Bc6 Rxd6 33. Bxb5 Na3
34. Rc5 Nxb5 35. Rxb5 g6 36. a4 Kg7 37. a5 Ra8 38. g4 h6 39. Kg2 Rd4 40. h3 Rd6
41. Ra2 Ra7 42. Rc2 Rd3 43. Ra2 Rd6 44. Ra3 Rc6 45. Rd3 Rc2 46. Ra3 Rc6 47. Kg3
Rd6 48. h4 Rc6 49. h5 g5 50. Rf5 Rc4 51. a6 Rc6 52. Rfa5 Rf6 53. f3 Rb6 54. Kf2
Re6 55. Kg3 Rb6 56. f4 f6 57. fxg5 fxg5 58. Kf3 Re6 1/2-1/2

[Event "16. Bayer Open"]
[Site "Leverkusen"]
[Date "2018.02.26"]
[Round "5.7"]
[White "Heller, Achim"]
[Black "Asadzade, Idris"]
[Result "1/2-1/2"]
[WhiteElo "2095"]
[BlackElo "1967"]
[PlyCount "54"]
[EventDate "2018.??.??"]
[WhiteTeam "SG Ennepe-Ruhr-Süd"]
[BlackTeam "Königsspringer Leverkusen"]

1. d4 Nf6 2. c4 c5 3. d5 b5 4. cxb5 a6 5. b6 e6 6. Nc3 Nxd5 7. Nxd5 exd5 8.
Qxd5 Nc6 9. Nf3 Rb8 10. e4 Be7 11. Ne5 Nxe5 12. Qxe5 Qxb6 13. Be2 f6 14. Qg3
O-O 15. O-O Bd6 16. Bc4+ Kh8 17. f4 Bb7 18. Qd3 Rfe8 19. Re1 Re7 20. Bd2 Rbe8
21. Ba5 Qxa5 22. Qxd6 Qb4 23. b3 Bxe4 24. Re3 Qb8 25. Qxb8 Rxb8 26. f5 Re5 27.
Rd1 Bc6 1/2-1/2

[Event "16. Bayer Open"]
[Site "Leverkusen"]
[Date "2018.02.26"]
[Round "5.8"]
[White "Birnkott, Manfred"]
[Black "ter Steeg, Marcus"]
[Result "0-1"]
[WhiteElo "1920"]
[BlackElo "2066"]
[PlyCount "136"]
[EventDate "2018.??.??"]
[WhiteTeam "SC Bayer Leverkusen"]
[BlackTeam "SF Essen-Werden"]

1. e4 d6 2. d4 Nf6 3. Nc3 g6 4. f4 Bg7 5. Nf3 O-O 6. e5 Nfd7 7. Bc4 Nb6 8. Bb3
Nc6 9. O-O Na5 10. Qe2 Nxb3 11. axb3 dxe5 12. dxe5 c6 13. Be3 Bg4 14. h3 Bxf3
15. Qxf3 Qc7 16. Rfd1 Rfd8 17. Rxd8+ Qxd8 18. Rd1 Qc7 19. Qf2 Rd8 20. Ra1 Nc8
21. Qe2 b6 22. Qc4 Qb7 23. Qe2 f6 24. Qc4+ Kh8 25. Ne4 Qd7 26. exf6 exf6 27.
Nc3 Nd6 28. Qa6 Nf5 29. Rd1 Qc7 30. Rxd8+ Qxd8 31. Bf2 Qc7 32. Qe2 h5 33. g4
hxg4 34. hxg4 Nh6 35. Qf3 f5 36. gxf5 gxf5 37. Ne2 Qd6 38. Nc3 Ng4 39. Bg3 Bd4+
40. Kg2 Ne3+ 41. Kh3 Qh6+ 42. Bh4 Ng4 43. Nd1 Bf6 44. Qg3 Kg7 45. Qe1 Qxf4 46.
Bxf6+ Kxf6 47. Qc3+ Ne5 48. Ne3 Kg5 49. Kg2 Qe4+ 50. Kf1 f4 51. Ng2 Qf3+ 52.
Qxf3 Nxf3 53. Kf2 Nd4 54. Ne1 a5 55. c3 Nxb3 56. Nd3 Kf5 57. Kf3 Nd2+ 58. Ke2
Ne4 59. Kf3 Ng5+ 60. Ke2 a4 61. Nb4 c5 62. Nd5 b5 63. Nc7 b4 64. cxb4 cxb4 65.
Nd5 a3 66. bxa3 bxa3 67. Nc3 Kg4 68. Kd2 Ne4+ 0-1

[Event "16. Bayer Open"]
[Site "Leverkusen"]
[Date "2018.02.26"]
[Round "5.9"]
[White "Neubauer, Jürgen"]
[Black "Piekorz, Roland"]
[Result "1/2-1/2"]
[WhiteElo "2046"]
[BlackElo "1929"]
[PlyCount "85"]
[EventDate "2018.??.??"]
[WhiteTeam "SK Turm Euskirchen"]
[BlackTeam "Düsseldorfer SK"]

1. e4 d6 2. d4 g6 3. f4 Bg7 4. Nf3 c5 5. c3 cxd4 6. cxd4 Nc6 7. Nc3 Bg4 8. Be3
Qb6 9. Nd5 Qd8 10. Bb5 Bd7 11. O-O Nf6 12. Nxf6+ Bxf6 13. Qd2 O-O 14. Rac1 Nxd4
15. Bxd7 Nxf3+ 16. Rxf3 Qxd7 17. e5 Bg7 18. exd6 exd6 19. f5 f6 20. Qd5+ Qf7
21. Qxd6 Rfd8 22. fxg6 hxg6 23. Qg3 Rd7 24. Bxa7 Qxa2 25. Be3 Qf7 26. h4 Rad8
27. Bb6 Rd1+ 28. Rf1 Rxf1+ 29. Kxf1 Rd7 30. Kg1 Kh7 31. b4 f5 32. Be3 Qb3 33.
h5 gxh5 34. Qf3 Qf7 35. Rc5 Kg6 36. Qg3+ Kh7 37. Qg5 Rd5 38. Rxd5 Qxd5 39.
Qxh5+ Kg8 40. Qe8+ Kh7 41. Qh5+ Kg8 42. Qg6 Qe5 43. Qb6 1/2-1/2

[Event "16. Bayer Open"]
[Site "Leverkusen"]
[Date "2018.02.26"]
[Round "5.10"]
[White "Gramb, Marius"]
[Black "Ziabari, Morteza"]
[Result "1/2-1/2"]
[WhiteElo "2088"]
[BlackElo "1845"]
[PlyCount "85"]
[EventDate "2018.??.??"]
[WhiteTeam "Brühler SK"]
[BlackTeam "Kettwiger SG"]

1. d4 d5 2. c4 e6 3. Nf3 Nf6 4. g3 c6 5. Bg2 Bb4+ 6. Bd2 a5 7. O-O dxc4 8. Bxb4
axb4 9. Ne5 c3 10. bxc3 bxc3 11. Nxc3 Nbd7 12. Qb3 Nxe5 13. dxe5 Nd5 14. Ne4
O-O 15. Rfb1 b5 16. Rc1 Qb6 17. Nc5 b4 18. a3 Qb5 19. Bf1 Qb8 20. axb4 Rxa1 21.
Rxa1 Qxe5 22. Rd1 f5 23. f4 Qc7 24. Bg2 Rf6 25. e4 fxe4 26. Bxe4 Qb6 27. Rb1 h5
28. Kg2 h4 29. Rb2 Kh8 30. Bf3 Rg6 31. Nd3 Ne3+ 32. Kh1 hxg3 33. Nc5 Nf5 34.
Be4 Qd8 35. Bxf5 exf5 36. hxg3 Rh6+ 37. Rh2 Rxh2+ 38. Kxh2 Qd2+ 39. Kg1 Qe1+
40. Kg2 Qe2+ 41. Kg1 Qe1+ 42. Kg2 Qe2+ 43. Kg1 1/2-1/2

[Event "16. Bayer Open"]
[Site "Leverkusen"]
[Date "2018.02.26"]
[Round "5.11"]
[White "Witte, Volker"]
[Black "Wille, Thomas"]
[Result "0-1"]
[WhiteElo "1836"]
[BlackElo "2074"]
[PlyCount "82"]
[EventDate "2018.??.??"]
[WhiteTeam "SF Schlebusch"]
[BlackTeam "Velberter SG"]

1. d4 Nf6 2. c4 e6 3. Nc3 Bb4 4. Qc2 c5 5. dxc5 Na6 6. g3 Nxc5 7. Bg2 a5 8. a3
Bxc3+ 9. Qxc3 O-O 10. Bf4 Qb6 11. Nh3 d6 12. O-O e5 13. Be3 a4 14. Ng5 Qc7 15.
Bxc5 dxc5 16. Rfd1 Bf5 17. Bd5 h6 18. Nf3 Rfe8 19. Nh4 Bh7 20. f3 e4 21. Ng2
exf3 22. exf3 Rad8 23. Nf4 Bf5 24. Re1 Kf8 25. Rxe8+ Rxe8 26. Re1 Rxe1+ 27.
Qxe1 b6 28. Qc3 Qd6 29. Qd2 Bd7 30. Qc3 b5 31. Kf2 b4 32. axb4 cxb4 33. Qd4 a3
34. bxa3 bxa3 35. c5 Qa6 36. Bc4 Qa7 37. Ba2 Be8 38. Qc4 Nd7 39. Nd3 Qa5 40.
Ke2 Nb8 41. Nb4 Bb5 0-1

[Event "16. Bayer Open"]
[Site "Leverkusen"]
[Date "2018.02.26"]
[Round "5.12"]
[White "Sockel, Karl-Heinz"]
[Black "Antar Badal, Azadi"]
[Result "1-0"]
[WhiteElo "2070"]
[BlackElo "1856"]
[PlyCount "67"]
[EventDate "2018.??.??"]
[WhiteTeam "SC Bayer Leverkusen"]
[BlackTeam "Königsspringer Leverkusen"]

1. c4 g6 2. g3 Bg7 3. Bg2 e5 4. Nc3 c6 5. e4 Nf6 6. Nge2 d6 7. d3 h6 8. h3 Be6
9. O-O Qd7 10. Kh2 Na6 11. Be3 Nc7 12. f4 Nh5 13. f5 gxf5 14. exf5 Bxf5 15.
Rxf5 Qxf5 16. g4 Qg6 17. gxh5 Qxh5 18. Ng3 Qg6 19. Be4 Qe6 20. Qb3 b6 21. Bxc6+
Ke7 22. Bxa8 Rxa8 23. Rf1 Rf8 24. Nf5+ Kd8 25. Nxg7 Qg6 26. Nf5 Ne6 27. Qa3 Nf4
28. Bxf4 Qxf5 29. Qxd6+ Kc8 30. Qxf8+ Kd7 31. Qb8 exf4 32. Rxf4 Qg6 33. Rd4+
Ke7 34. Qd8+ 1-0

[Event "16. Bayer Open"]
[Site "Leverkusen"]
[Date "2018.02.26"]
[Round "5.13"]
[White "Pützkaul, Karl"]
[Black "Kies, Werner"]
[Result "1/2-1/2"]
[WhiteElo "1881"]
[BlackElo "2036"]
[PlyCount "33"]
[EventDate "2018.??.??"]
[WhiteTeam "SC Bayer Leverkusen"]
[BlackTeam "SC Bayer Leverkusen"]

1. d4 g6 2. e4 Bg7 3. Nf3 d6 4. Nc3 Nc6 5. Be2 e5 6. Be3 Bg4 7. dxe5 Nxe5 8.
Nxe5 Bxe2 9. Qxe2 Bxe5 10. Qd2 Ne7 11. Bd4 Nc6 12. Bxe5 Nxe5 13. Qe2 O-O 14.
O-O f5 15. f4 Nc6 16. Qc4+ Kg7 17. Rad1 1/2-1/2

[Event "16. Bayer Open"]
[Site "Leverkusen"]
[Date "2018.02.26"]
[Round "5.14"]
[White "Gula, Julian"]
[Black "Gutt, Oswald"]
[Result "1-0"]
[WhiteElo "2025"]
[BlackElo "1890"]
[PlyCount "59"]
[EventDate "2018.??.??"]
[WhiteTeam "SF Düsseldorf-Süd"]
[BlackTeam "Bergische SF"]

1. Nf3 Nf6 2. b3 d6 3. Bb2 Nbd7 4. c4 e5 5. e3 Be7 6. Nc3 O-O 7. d4 c6 8. Qc2
Qc7 9. Bd3 Re8 10. O-O-O Nf8 11. Ne2 e4 12. Bxe4 Nxe4 13. Qxe4 Qa5 14. Qb1 b5
15. Bc3 Qa6 16. cxb5 cxb5 17. Nf4 Bb7 18. d5 Rac8 19. Kb2 Rxc3 20. Kxc3 Bf6+
21. Nd4 b4+ 22. Kb2 Ng6 23. Nh5 Be5 24. Qd3 Qa3+ 25. Kb1 Bxd5 26. f4 Bxf4 27.
Nc2 Be4 28. Nxa3 Bxd3+ 29. Rxd3 bxa3 30. Nxf4 1-0

[Event "16. Bayer Open"]
[Site "Leverkusen"]
[Date "2018.02.26"]
[Round "5.15"]
[White "Schülke, Tilman"]
[Black "Riesen, Peter"]
[Result "1/2-1/2"]
[WhiteElo "1971"]
[BlackElo "1864"]
[PlyCount "117"]
[EventDate "2018.??.??"]
[WhiteTeam "Düsseldorfer SV"]
[BlackTeam "Klub Kölner SF"]

1. g3 d5 2. Bg2 Nf6 3. d3 e5 4. Nd2 Bd6 5. c3 c5 6. e4 d4 7. c4 Nc6 8. a3 h6 9.
Ne2 O-O 10. O-O Nh7 11. f4 f5 12. exf5 Bxf5 13. Ne4 Qd7 14. Bd2 Rae8 15. Qa4 a6
16. b4 cxb4 17. axb4 Bg4 18. Rae1 Bxe2 19. Rxe2 exf4 20. gxf4 Qc7 21. Ref2 Be7
22. Kh1 Bh4 23. Rf3 Kh8 24. Qa1 Rd8 25. Bh3 Qe7 26. Qb1 Nf6 27. b5 axb5 28.
cxb5 Nb8 29. Bb4 Qf7 30. Bxf8 Rxf8 31. Nxf6 Qxf6 32. Qb4 Re8 33. Qd2 Qb6 34.
Rb1 Qd6 35. Qg2 Nd7 36. Bxd7 Qxd7 37. Rg1 Bf6 38. Rb1 Rc8 39. Qd2 Rc5 40. Qb2
Qd5 41. Kg2 Rc3 42. Qe2 Rc8 43. Rb2 Qd7 44. Rf1 Rc5 45. Re1 Rc8 46. Qe6 Qc7 47.
Ree2 Rd8 48. Qf5 Qf7 49. Re4 Rd5 50. Qh3 Rd8 51. Rbe2 Qg6+ 52. Qg3 Qf7 53. Qg4
Ra8 54. h4 h5 55. Qf5 Rf8 56. Kh3 Kg8 57. Rg2 Qb3 58. Qe6+ Qxe6+ 59. Rxe6
1/2-1/2

[Event "16. Bayer Open"]
[Site "Leverkusen"]
[Date "2018.02.26"]
[Round "5.16"]
[White "Meckel, Helmut"]
[Black "Vranidis, Athanassios"]
[Result "1/2-1/2"]
[WhiteElo "1762"]
[BlackElo "1958"]
[PlyCount "57"]
[EventDate "2018.??.??"]
[WhiteTeam "SG Solingen"]
[BlackTeam "SG Solingen"]

1. b4 d5 2. Nf3 Nf6 3. Bb2 Bf5 4. e3 e6 5. c4 h6 6. b5 Be7 7. Nc3 O-O 8. a4
Nbd7 9. Nd4 Bh7 10. Nb3 dxc4 11. Bxc4 Ne5 12. Be2 Nd3+ 13. Bxd3 Bxd3 14. Qf3 b6
15. Nc1 Bg6 16. h3 e5 17. Qe2 Nd7 18. O-O Nc5 19. d4 exd4 20. exd4 Ne6 21. Nb3
Bf6 22. Ne4 Be7 23. f4 Qd5 24. Ned2 Bf6 25. Qf3 Qxf3 26. Rxf3 Bh7 27. Rc1 Rfd8
28. f5 Nxd4 29. Nxd4 1/2-1/2